[Event "Muensterland Verbandsliga 1920"]
[Site "Germany"]
[Date "2019.09.07"]
[Round "1.5"]
[White "Cigelski, Rudolf"]
[Black "Pohl, Detlev"]
[Result "1-0"]
[WhiteElo "1798"]
[BlackElo "1798"]
[PlyCount "59"]
[EventDate "2019.09.07"]
[EventType "team-tourn"]
[EventRounds "7"]
[EventCountry "GER"]
[SourceTitle "EXT 2023"]
[Source "ChessBase"]
[SourceDate "2022.10.05"]
[SourceVersion "1"]
[SourceVersionDate "2022.10.05"]
[SourceQuality "1"]
[WhiteTeam "Beelen"]
[BlackTeam "Telgte"]
[WhiteTeamCountry "GER"]
[BlackTeamCountry "GER"]

1. e4 e5 2. Nc3 Nc6 3. f4 Bc5 4. Nf3 d6 5. Bc4 Nf6 6. d3 Bg4 7. Na4 Bb6 8. Nxb6 axb6 9. c3 d5 10. exd5 Nxd5 11. 0-0 0-0 12. h3 Bh5 13. Bxd5 Qxd5 14. g4 e4 15. dxe4 Qxe4 16. gxh5 Rad8 17. Ng5 Qf5 18. Qg4 Qc5+ 19. Kh2 h6 20. Ne4 Qe7 21. Ng3 f5 22. Qe2 Qf7 23. b3 Rfe8 24. Qg2 Rd5 25. Bb2 Red8 26. Rf2 Qd7 27. Raf1 b5 28. Rc2 Rd2 29. Rxd2 Qxd2 30. Nxf5 1-0

[Event "Muensterland Regionalliga 1718"]
[Site "Germany"]
[Date "2018.02.24"]
[Round "6.3"]
[White "Jensen, Soeren"]
[Black "Cigelski, Rudolf"]
[Result "1-0"]
[WhiteElo "1874"]
[BlackElo "1855"]
[PlyCount "107"]
[EventDate "2017.09.02"]
[EventType "team-tourn"]
[EventRounds "9"]
[EventCountry "GER"]
[SourceTitle "EXT 2019"]
[Source "ChessBase"]
[SourceDate "2018.10.10"]
[SourceVersion "1"]
[SourceVersionDate "2018.10.10"]
[SourceQuality "1"]
[WhiteTeam "Muenster SK III"]
[BlackTeam "Beelen"]
[WhiteTeamCountry "GER"]
[BlackTeamCountry "GER"]

1. g3 e5 2. Bg2 d5 3. d3 Nf6 4. Nc3 Bb4 5. a3 Ba5 6. b4 Bb6 7. Na4 0-0 8. Nxb6 axb6 9. Bb2 Re8 10. Nf3 Qd6 11. 0-0 c5 12. c4 d4 13. b5 h6 14. Bc1 Re7 15. Ne1 Bf5 16. e4 dxe3 17. fxe3 Bg6 18. Ra2 Qc7 19. Qb3 Nbd7 20. e4 Nf8 21. Bxh6 Ne6 22. Be3 Ng4 23. Bf2 Nxf2 24. Raxf2 Rd7 25. a4 Qd8 26. Bh3 Nd4 27. Qd1 Rd6 28. Bf5 Bxf5 29. exf5 e4 30. dxe4 Nxf5 31. Qf3 Nh6 32. e5 Rg6 33. Qe4 Rg4 34. Qxb7 Rg6 35. Rf4 Rxa4 36. Qd5 Qe7 37. Nf3 Re6 38. Rd1 g5 39. Re4 Ra3 40. Kf2 g4 41. Qd8+ Kg7 42. Ng5 Ra2+ 43. Kg1 Rxe5 44. Qxe7 Rxe7 45. Rxe7 Kf6 46. Rb7 Kxg5 47. Rxb6 Nf5 48. Rd5 Ra1+ 49. Kf2 Ra2+ 50. Ke1 Rxh2 51. Rc6 Rh5 52. Rxf5+ Kxf5 53. Rxc5+ Kg6 54. Rxh5 1-0

[Event "Muensterland Verbandsliga 1617"]
[Site "Germany"]
[Date "2017.05.06"]
[Round "9.4"]
[White "Sicking, Norbert"]
[Black "Cigelski, Rudolf"]
[Result "1-0"]
[WhiteElo "1803"]
[BlackElo "1822"]
[PlyCount "97"]
[EventDate "2016.09.10"]
[EventType "team"]
[EventRounds "9"]
[EventCountry "GER"]
[SourceTitle "EXT 2018"]
[Source "ChessBase"]
[SourceDate "2017.10.13"]
[SourceVersion "1"]
[SourceVersionDate "2017.10.13"]
[SourceQuality "1"]
[WhiteTeam "Heiden"]
[BlackTeam "Beelen"]
[WhiteTeamCountry "GER"]
[BlackTeamCountry "GER"]

1. d4 Nc6 2. c3 d5 3. Nf3 Bg4 4. Nbd2 Qd7 5. h3 Bh5 6. e3 e5 7. dxe5 Nxe5 8. Be2 Nxf3+ 9. Nxf3 0-0-0 10. Qb3 f6 11. Bd2 Bf7 12. Qc2 g5 13. Nd4 h5 14. b4 c6 15. a4 Ne7 16. Bd3 Rh6 17. Nb3 Bg6 18. b5 Bxd3 19. Qxd3 f5 20. bxc6 Rxc6 21. Nd4 Rc4 22. 0-0 Kb8 23. Rfb1 Ka8 24. Rb2 h4 25. Rab1 Rb8 26. Rb4 Qc8 27. Nb5 Qc5 28. Rxc4 dxc4 29. Qd7 Rc8 30. Nd6 Rc7 31. Qd8+ Nc8 32. Nb5 Rg7 33. Nxa7 Kxa7 34. Rb5 Qc7 35. Qxf8 Nd6 36. Rd5 Rg6 37. e4 f4 38. e5 Ne4 39. Qf5 Qg7 40. Qxe4 g4 41. Bxf4 gxh3 42. Qe3+ Rb6 43. Qxh3 Rb1+ 44. Kh2 Qh7 45. Be3+ Ka6 46. Rd6+ b6 47. Qc8+ Qb7 48. Qxb7+ Kxb7 49. Rxb6+ 1-0

[Event "Muensterland Verbandsliga 1516"]
[Site "Germany"]
[Date "2016.04.23"]
[Round "8.2"]
[White "Boesel, Alexander"]
[Black "Cigelski, Rudolf"]
[Result "1-0"]
[WhiteElo "1893"]
[BlackElo "1780"]
[PlyCount "57"]
[EventDate "2015.09.12"]
[EventType "team"]
[EventRounds "9"]
[EventCountry "GER"]
[SourceTitle "EXT 2017"]
[Source "ChessBase"]
[SourceDate "2016.10.25"]
[SourceVersion "1"]
[SourceVersionDate "2016.10.25"]
[SourceQuality "1"]
[WhiteTeam "Olfen"]
[BlackTeam "Beelen"]
[WhiteTeamCountry "GER"]
[BlackTeamCountry "GER"]

1. e4 Nc6 2. Nf3 d5 3. exd5 Qxd5 4. Nc3 Qa5 5. d4 Bg4 6. Bb5 Nf6 7. 0-0 e6 8. h3 Bh5 9. Qd3 Bg6 10. Qc4 0-0-0 11. Bxc6 bxc6 12. Qxc6 Qb6 13. Qa4 Nd5 14. Nxd5 Rxd5 15. c4 Qa5 16. Qc6 Rd6 17. Qa8+ Kd7 18. Ne5+ Ke7 19. c5 Ra6 20. Nc6+ Rxc6 21. Qxc6 Bd3 22. b4 Bb5 23. Qb7 Qa6 24. Qxc7+ Ke8 25. Re1 Be7 26. d5 Bd8 27. Qg3 Bf6 28. Qb8+ Bd8 29. Bg5 1-0

[Event "Muensterland Verbandsliga 1516"]
[Site "Germany"]
[Date "2015.12.12"]
[Round "4.2"]
[White "Wienen, Hermann"]
[Black "Cigelski, Rudolf"]
[Result "1-0"]
[WhiteElo "1968"]
[BlackElo "1780"]
[PlyCount "85"]
[EventDate "2015.09.12"]
[EventType "team"]
[EventRounds "9"]
[EventCountry "GER"]
[SourceTitle "EXT 2017"]
[Source "ChessBase"]
[SourceDate "2016.10.25"]
[SourceVersion "1"]
[SourceVersionDate "2016.10.25"]
[SourceQuality "1"]
[WhiteTeam "Heiden"]
[BlackTeam "Beelen"]
[WhiteTeamCountry "GER"]
[BlackTeamCountry "GER"]

1. e4 Nc6 2. Nf3 f5 3. e5 d6 4. Bb5 dxe5 5. Nxe5 Qd5 6. Bxc6+ bxc6 7. Nf3 Qe4+ 8. Kf1 Ba6+ 9. d3 c5 10. c4 0-0-0 11. Na3 h6 12. Be3 Qc6 13. Qe2 Bb7 14. Nb5 Kb8 15. Rg1 a6 16. Nc3 e6 17. Ne5 Qe8 18. Re1 g5 19. f4 Bd6 20. Bc1 Nf6 21. fxg5 Ng4 22. Nxg4 fxg4 23. Qxg4 h5 24. Qh4 Qg6 25. Ne4 Rhf8+ 26. Ke2 Bxh2 27. Rgf1 Bg3 28. Qxg3 Bxe4 29. Rxf8 Bxd3+ 30. Kd2 Rxf8 31. Qxd3 Qxg5+ 32. Kc2 Rf2+ 33. Kb1 Qxg2 34. Rxe6 h4 35. Re8+ Ka7 36. Rh8 Rf1 37. Rh7 Kb6 38. Qb3+ Ka5 39. Qc3+ Kb6 40. Rh6+ Ka7 41. Qe3 Kb7 42. Rxh4 c6 43. Qb3+ 1-0

[Event "Muensterland Verbandsliga 1516"]
[Site "Germany"]
[Date "2015.11.21"]
[Round "3.2"]
[White "Cigelski, Rudolf"]
[Black "Fischer, Andreas"]
[Result "0-1"]
[WhiteElo "1780"]
[BlackElo "1952"]
[PlyCount "98"]
[EventDate "2015.09.12"]
[EventType "team"]
[EventRounds "9"]
[EventCountry "GER"]
[SourceTitle "EXT 2017"]
[Source "ChessBase"]
[SourceDate "2016.10.25"]
[SourceVersion "1"]
[SourceVersionDate "2016.10.25"]
[SourceQuality "1"]
[WhiteTeam "Beelen"]
[BlackTeam "Saerbeck"]
[WhiteTeamCountry "GER"]
[BlackTeamCountry "GER"]

1. e4 e5 2. Nc3 Nf6 3. f4 d5 4. d3 Nc6 5. fxe5 Nxe5 6. d4 Ng6 7. e5 Ne4 8. Nxe4 dxe4 9. Bc4 c5 10. c3 cxd4 11. cxd4 Bb4+ 12. Bd2 Qa5 13. Bxf7+ Kf8 14. Bxg6 hxg6 15. Ne2 Bg4 16. 0-0+ Ke8 17. Bxb4 Qxb4 18. Re1 Rd8 19. a3 Qxb2 20. Qa4+ b5 21. Qb4 Qxb4 22. axb4 Bxe2 23. Rxe2 Rxd4 24. Rxa7 Rf8 25. h3 Rf7 26. Ra6 Rf5 27. e6 Ke7 28. Rc2 Rd1+ 29. Kh2 Rd6 30. Ra7+ Kxe6 31. Rxg7 Ke5 32. Rb7 Rd5 33. g4 Rf3 34. Re2 Kd4 35. Re7 Re5 36. Rc7 Rb3 37. Rd2+ Ke3 38. Rd6 Rxb4 39. Rxg6 Rd4 40. Rb6 Kd2 41. Rcb7 Rdd5 42. Ra6 e3 43. Ra2+ Kd3 44. Ra3+ Kd4 45. Ra1 e2 46. Re1 Ke3 47. Ra7 Rd1 48. Ra1 Rxe1 49. Rxe1 Kf2 0-1

[Event "Muensterland Verbandsliga 1415"]
[Site "Germany"]
[Date "2015.04.18"]
[Round "8.5"]
[White "Cigelski, Rudolf"]
[Black "Woltering, Martin"]
[Result "0-1"]
[WhiteElo "1795"]
[BlackElo "1680"]
[PlyCount "52"]
[EventDate "2014.09.06"]
[EventType "team-tourn"]
[EventRounds "9"]
[EventCountry "GER"]
[SourceTitle "EXT 2016"]
[Source "ChessBase"]
[SourceDate "2015.10.08"]
[SourceVersion "1"]
[SourceVersionDate "2015.10.08"]
[SourceQuality "1"]
[WhiteTeam "Beelen"]
[BlackTeam "Ahaus Wessum"]
[WhiteTeamCountry "GER"]
[BlackTeamCountry "GER"]

1. e4 e6 2. Qe2 b6 3. b3 Bb7 4. Bb2 Nf6 5. d3 Be7 6. f4 d5 7. e5 Ng8 8. Nf3 Nh6 9. Nbd2 Na6 10. g3 Nb4 11. Nb1 Nf5 12. a3 Na6 13. Bg2 h5 14. d4 Qd7 15. Nbd2 0-0-0 16. b4 c5 17. c3 Kb8 18. dxc5 bxc5 19. b5 Nc7 20. a4 d4 21. cxd4 cxd4 22. Nc4 Bb4+ 23. Kf2 d3 24. Qd1 Bc5+ 25. Kf1 d2 26. Nfxd2 Qd3+ 0-1

[Event "Muensterland Verbandsliga 1415"]
[Site "Germany"]
[Date "2015.03.14"]
[Round "7.6"]
[White "Cigelski, Rudolf"]
[Black "Hundehege, Tobias"]
[Result "1-0"]
[WhiteElo "1795"]
[BlackElo "1731"]
[PlyCount "105"]
[EventDate "2014.09.06"]
[EventType "team-tourn"]
[EventRounds "9"]
[EventCountry "GER"]
[SourceTitle "EXT 2016"]
[Source "ChessBase"]
[SourceDate "2015.10.08"]
[SourceVersion "1"]
[SourceVersionDate "2015.10.08"]
[SourceQuality "1"]
[WhiteTeam "Beelen"]
[BlackTeam "Muenster V"]
[WhiteTeamCountry "GER"]
[BlackTeamCountry "GER"]

1. e4 e6 2. Qe2 Nc6 3. Nf3 b6 4. b3 Bb7 5. Bb2 Nf6 6. d3 d5 7. e5 Nd7 8. d4 Be7 9. g3 Nb4 10. a3 Ba6 11. c4 Nc6 12. Qc2 Na5 13. Nfd2 dxc4 14. Nxc4 Nxc4 15. bxc4 Bb7 16. Rg1 c5 17. d5 exd5 18. Bg2 f6 19. e6 Ne5 20. Bxe5 fxe5 21. Qa4+ Kf8 22. Nc3 e4 23. cxd5 Bf6 24. Rc1 Bd4 25. Bxe4 Qf6 26. Qc2 Rd8 27. Qd2 Qe5 28. Qf4+ Qxf4 29. gxf4 Ke7 30. d6+ Rxd6 31. Bxb7 Rxe6+ 32. Kf1 Rf8 33. Ne2 Bf6 34. Rg3 Rd8 35. Ba6 Rd2 36. Bc4 Re4 37. Re3 Rxe3 38. fxe3 Bb2 39. Rb1 Bf6 40. Kf2 Rc2 41. Bb3 Rd2 42. a4 h6 43. Rd1 Rb2 44. Rd3 Rb1 45. Bd5 Ra1 46. Bc6 a5 47. Rd7+ Ke6 48. e4 c4 49. f5+ Ke5 50. Kg3 Ra3+ 51. Kg4 Ra2 52. Ng3 c3 53. Rd5# 1-0

[Event "Muensterland Verbandsliga 1314"]
[Site "Germany"]
[Date "2014.05.03"]
[Round "9.6"]
[White "Cigelski, Rudolf"]
[Black "Beckmann, Christian"]
[Result "1-0"]
[WhiteElo "1762"]
[BlackElo "1740"]
[PlyCount "39"]
[EventDate "2013.09.07"]
[EventType "team-tourn"]
[EventRounds "9"]
[EventCountry "GER"]
[SourceTitle "EXT 2015"]
[Source "ChessBase"]
[SourceDate "2014.11.20"]
[SourceVersion "1"]
[SourceVersionDate "2014.11.20"]
[SourceQuality "1"]
[WhiteTeam "Telgte"]
[BlackTeam "Ahaus Wessum"]
[WhiteTeamCountry "GER"]
[BlackTeamCountry "GER"]

1. e4 c5 2. Nc3 e6 3. Bc4 Nc6 4. f4 Qc7 5. d3 Na5 6. Nf3 Nf6 7. 0-0 a6 8. a4 d6 9. Ba2 Be7 10. Qe1 c4 11. e5 Nd5 12. Ne4 f5 13. Nxd6+ Bxd6 14. exd6 Qb6+ 15. Kh1 0-0 16. dxc4 Nb4 17. Be3 Qxd6 18. c5 Nxc2 19. cxd6 Nxe1 20. Rfxe1 1-0

[Event "Muensterland Verbandsliga 1314"]
[Site "Germany"]
[Date "2014.02.01"]
[Round "6.7"]
[White "Cigelski, Rudolf"]
[Black "Merkentrup, Ralf"]
[Result "1-0"]
[WhiteElo "1762"]
[BlackElo "1644"]
[PlyCount "85"]
[EventDate "2013.09.07"]
[EventType "team-tourn"]
[EventRounds "9"]
[EventCountry "GER"]
[SourceTitle "EXT 2015"]
[Source "ChessBase"]
[SourceDate "2014.11.20"]
[SourceVersion "1"]
[SourceVersionDate "2014.11.20"]
[SourceQuality "1"]
[WhiteTeam "Telgte"]
[BlackTeam "Beelen"]
[WhiteTeamCountry "GER"]
[BlackTeamCountry "GER"]

1. e4 e6 2. d4 d5 3. Qe2 dxe4 4. Qxe4 Qd5 5. Qh4 Nc6 6. Nf3 Nb4 7. Na3 Qf5 8. c3 Nd3+ 9. Bxd3 Qxd3 10. Ne5 Qa6 11. Nac4 Be7 12. Qg3 Bf6 13. 0-0 Ne7 14. b3 Nf5 15. Qh3 b5 16. Nb2 Bb7 17. Nbd3 Bxe5 18. Nxe5 0-0 19. Bf4 Rac8 20. a4 b4 21. g4 Ne7 22. c4 Ng6 23. Nxg6 fxg6 24. Be5 Qc6 25. f4 g5 26. f5 exf5 27. d5 Qc5+ 28. Rf2 fxg4 29. Qg3 Qxf2+ 30. Qxf2 Rxf2 31. Kxf2 Rf8+ 32. Ke3 Re8 33. Kd4 c5+ 34. dxc6 Bxc6 35. Bd6 a5 36. Kc5 Bf3 37. Kb6 Re6 38. c5 Bd5 39. Rb1 Re3 40. c6 Be6 41. Rf1 Rf3 42. Re1 Bc8 43. Re8+ 1-0

[Event "Muensterland Verbandsklasse-A 1112"]
[Site "Germany"]
[Date "2012.04.21"]
[Round "8.8"]
[White "Cigelski, Rudolf"]
[Black "Focke, Robert"]
[Result "0-1"]
[WhiteElo "1798"]
[BlackElo "1567"]
[PlyCount "59"]
[EventDate "2011.09.17"]
[EventType "team-tourn"]
[EventRounds "9"]
[EventCountry "GER"]
[SourceTitle "EXT 2013"]
[Source "ChessBase"]
[SourceDate "2012.11.22"]
[SourceVersion "1"]
[SourceVersionDate "2012.11.22"]
[SourceQuality "1"]
[WhiteTeam "Telgte"]
[BlackTeam "Metelen"]
[WhiteTeamCountry "GER"]
[BlackTeamCountry "GER"]

1. e4 e6 2. d4 d5 3. Qe2 dxe4 4. Qxe4 Nf6 5. Qh4 Be7 6. Nf3 Nc6 7. c3 0-0 8. g4 Ne4 9. g5 Nd6 10. Bd3 Nf5 11. Qe4 g6 12. Bf4 Bd6 13. Bg3 Nxg3 14. hxg3 f5 15. gxf6 Qxf6 16. Nbd2 e5 17. Bc4+ Kg7 18. Qe3 h5 19. 0-0-0 Bg4 20. Be2 exd4 21. cxd4 Rae8 22. Ne5 Nxe5 23. Ne4 Nf3 24. Nxf6 Rxe3 25. Nxh5+ gxh5 26. fxe3 Bxg3 27. Rdf1 Kg6 28. Bd3+ Kg5 29. Kc2 Rf6 30. d5 0-1

[Event "Muensterland Verbandsklasse-A 1112"]
[Site "Germany"]
[Date "2012.02.11"]
[Round "6.8"]
[White "Cigelski, Rudolf"]
[Black "Sprenger, Franz"]
[Result "0-1"]
[WhiteElo "1798"]
[BlackElo "1630"]
[PlyCount "93"]
[EventDate "2011.09.17"]
[EventType "team-tourn"]
[EventRounds "9"]
[EventCountry "GER"]
[SourceTitle "EXT 2013"]
[Source "ChessBase"]
[SourceDate "2012.11.22"]
[SourceVersion "1"]
[SourceVersionDate "2012.11.22"]
[SourceQuality "1"]
[WhiteTeam "Telgte"]
[BlackTeam "Gronau"]
[WhiteTeamCountry "GER"]
[BlackTeamCountry "GER"]

1. e4 e5 2. Bc4 f5 3. Nf3 d6 4. d3 Nf6 5. Ng5 d5 6. exd5 Bd6 7. Bb5+ Bd7 8. Ne6 Qe7 9. Bxd7+ Nbxd7 10. c4 Nc5 11. Ng5 h6 12. Nh3 e4 13. d4 Nd3+ 14. Kf1 Qd7 15. c5 Be7 16. Nc3 g5 17. Qb3 b6 18. c6 Qd8 19. f4 g4 20. Nf2 Nb4 21. g3 Nbxd5 22. h3 Nxc3 23. bxc3 gxh3 24. Nxh3 Qd5 25. Ng5 Qxc6 26. c4 Ng4 27. d5 Qc5 28. Qb5+ Qxb5 29. cxb5 Bf6 30. Rb1 hxg5 31. Rxh8+ Bxh8 32. fxg5 0-0-0 33. Bf4 Rxd5 34. Ke2 Rc5 35. Rh1 Bd4 36. g6 Rxb5 37. Rh7 Rb2+ 38. Ke1 Rb1+ 39. Kd2 Rb2+ 40. Kc1 Rxa2 41. Rxc7+ Kd8 42. Rf7 e3 43. Rxf5 Ke8 44. Rd5 e2 45. Bd2 Ra1+ 46. Kc2 e1Q 47. Bxe1 0-1